000 00781nam a22002417a 4500
003 dpl
005 20111226151736.0
008 111226t xxu||||| |||| 00| 0 eng d
010 _aB-442921
020 _a9788175960671
_c135.00
035 _aB-442921
037 _bPatel Nagar/Allied
_c135.00
040 _adpl
_bEnglish
_cdpl
082 _a485
100 _aHewings, Martin
_937607
245 _aAdvanced English Grammar
_cby Martin Hewings
260 _aNew Delhi
_bCambridge University Press
_c2011
270 _aCambridge House,4381/4, Ansari Road,Daryaganj
300 _aix,340
_bb&w illus.
_c22cm
650 _2English
942 _2ddc
_cEN
_h485
_mHEW
999 _c59988
_d59988